[Event "NZL-ch op 127th"]
[Site "Tauranga"]
[Date "2020.01.15"]
[Round "2"]
[White "Findlay, Ian T"]
[Black "Yee, Stanley"]
[Result "1-0"]
[WhiteElo "1681"]
[BlackElo "1881"]
[PlyCount "151"]
[EventDate "2020.01.14"]
[EventType "swiss"]
[EventRounds "9"]
[EventCountry "NZL"]
[SourceTitle "CBM 194 Extra"]
[Source "ChessBase"]
[SourceDate "2020.03.31"]
[SourceVersion "1"]
[SourceVersionDate "2020.03.31"]
[SourceQuality "1"]

1. e4 c6 2. d4 d5 3. e5 Bf5 4. Bd3 Bxd3 5. Qxd3 e6 6. Nf3 c5 7. c3 Nc6 8. 0-0 Qb6 9. dxc5 Bxc5 10. Nbd2 Qc7 11. Nb3 Bb6 12. Bf4 Nge7 13. Rfe1 Ng6 14. Bg3 0-0 15. Nbd4 Nxd4 16. Nxd4 Bxd4 17. Qxd4 Rfc8 18. h4 Qc4 19. Qxc4 Rxc4 20. h5 Ne7 21. f3 Rac8 22. Bf2 a5 23. a4 Nc6 24. g3 Rd8 25. f4 Kf8 26. Bb6 Ra8 27. Red1 Ra6 28. Be3 Ne7 29. g4 Re4 30. Kf2 Rc6 31. Rd4 Rc4 32. Rxe4 Rxe4 33. b3 Nc6 34. Kf3 f5 35. gxf5 exf5 36. Rd1 g5 37. hxg6 hxg6 38. Rxd5 g5 39. Rb5 g4+ 40. Kf2 g3+ 41. Kf3 g2 42. Bc5+ Ke8 43. Rxb7 Nd4+ 44. Kxg2 Ne2 45. Kf3 Nxf4 46. Re7+ Kd8 47. Rf7 Ne6 48. Bb6+ Ke8 49. Rxf5 Re1 50. Kf2 Rb1 51. Bxa5 Rxb3 52. Bb4 Rb2+ 53. Ke3 Nc7 54. Kd4 Ra2 55. a5 Kd7 56. Rf6 Rd2+ 57. Ke3 Rb2 58. Rd6+ Kc8 59. Rd2 Rb1 60. Bd6 Nb5 61. c4 Na7 62. e6 Re1+ 63. Re2 Rxe2+ 64. Kxe2 Nc6 65. e7 Kd7 66. a6 Na7 67. c5 Nc6 68. Kf3 Na7 69. Ke4 Nc6 70. Kd5 Na7 71. Kc4 Ke8 72. Kb4 Kd7 73. Ka5 Nc8 74. Kb5 Na7+ 75. Kb6 Nc8+ 76. Kb7 1-0

[Event "NZL-ch op 127th"]
[Site "Tauranga"]
[Date "2020.01.14"]
[Round "1"]
[White "Yee, Stanley"]
[Black "Clarke, Brandon GI"]
[Result "0-1"]
[WhiteElo "1881"]
[BlackElo "2438"]
[PlyCount "62"]
[EventDate "2020.01.14"]
[EventType "swiss"]
[EventRounds "9"]
[EventCountry "NZL"]
[SourceTitle "CBM 194 Extra"]
[Source "ChessBase"]
[SourceDate "2020.03.31"]
[SourceVersion "1"]
[SourceVersionDate "2020.03.31"]
[SourceQuality "1"]

1. d4 Nf6 2. c4 g6 3. Nc3 d5 4. Nf3 Bg7 5. g3 0-0 6. Bg2 dxc4 7. Ne5 c6 8. Nxc4 Be6 9. Ne3 Qa5 10. 0-0 Rd8 11. Nc2 Na6 12. e4 Rd7 13. Qe2 Rad8 14. Rd1 b5 15. e5 Nd5 16. Nxd5 Bxd5 17. Bxd5 Rxd5 18. Be3 e6 19. a3 Qa4 20. b4 Nc7 21. Bg5 R8d7 22. Be3 Na8 23. Ne1 Bxe5 24. Rdc1 Bxd4 25. Bxd4 Rxd4 26. Rxc6 Nb6 27. Kg2 Rc4 28. Rxc4 Nxc4 29. Nd3 Qa6 30. Nc5 Qc6+ 31. Qf3 Ne3+ 0-1

[Event "Oceania & NZL-ch Seniors"]
[Site "Auckland"]
[Date "2019.07.13"]
[Round "2"]
[White "Yee, Stanley"]
[Black "Garbett, Paul Anthony"]
[Result "0-1"]
[WhiteElo "1900"]
[BlackElo "2190"]
[PlyCount "72"]
[EventDate "2019.07.12"]
[EventType "swiss"]
[EventRounds "6"]
[EventCountry "NZL"]
[SourceTitle "EXT 2023"]
[Source "ChessBase"]
[SourceDate "2022.10.05"]
[SourceVersion "1"]
[SourceVersionDate "2022.10.05"]
[SourceQuality "1"]

1. d4 Nf6 2. c4 e6 3. g3 d5 4. Bg2 Bb4+ 5. Bd2 Bd6 6. Nf3 0-0 7. Nc3 c6 8. b3 Nbd7 9. Rc1 a6 10. a4 dxc4 11. bxc4 e5 12. dxe5 Nxe5 13. Nxe5 Bxe5 14. 0-0 Qe7 15. Qc2 Be6 16. Ne4 Nxe4 17. Qxe4 Qf6 18. Ba5 Rfe8 19. Rfd1 Bb2 20. Rb1 Bf5 21. Qf3 Bxb1 22. Rxb1 Qe5 23. Bb6 Re7 24. Qd3 Rae8 25. e3 g6 26. Qb3 Ba1 27. Qd1 Bc3 28. Qb3 Rd7 29. Rc1 Bb2 30. Rb1 Rd2 31. c5 Rxf2 32. Kxf2 Qf5+ 33. Bf3 Qxb1 34. Ba5 Qc1 35. Bb4 Bg7 36. Be2 Bh6 0-1

[Event "NZL-ch Major op"]
[Site "Palmerston North"]
[Date "2018.01.09"]
[Round "9"]
[White "Picken, Oliver"]
[Black "Yee, Stanley"]
[Result "0-1"]
[WhiteElo "1769"]
[BlackElo "1898"]
[PlyCount "66"]
[EventDate "2018.01.01"]
[EventType "swiss"]
[EventRounds "9"]
[EventCountry "NZL"]
[SourceTitle "EXT 2019"]
[Source "ChessBase"]
[SourceDate "2018.10.10"]
[SourceVersion "1"]
[SourceVersionDate "2018.10.10"]
[SourceQuality "1"]

1. d4 Nf6 2. Bf4 g6 3. Nc3 d5 4. e3 Bg7 5. Bd3 0-0 6. Qe2 c5 7. dxc5 Nc6 8. Bb5 e5 9. Bg5 Qa5 10. Bxf6 Bxf6 11. 0-0-0 Be6 12. a3 Rfd8 13. Nb1 Rac8 14. b4 Qc7 15. h4 a5 16. c3 b6 17. Bxc6 Qxc6 18. Qa6 Rb8 19. cxb6 axb4 20. axb4 Rxb6 21. Qa5 Rb5 22. Qa4 Ra8 23. Qc2 Bf5 24. Qb3 Be6 25. Qc2 Rc8 26. Na3 Rxb4 27. cxb4 Qa8 28. Qxc8+ Qxc8+ 29. Nc2 Bf5 30. Rd2 d4 31. exd4 exd4 32. Kd1 Qc4 33. Ke1 Bxc2 0-1

[Event "Asia-ch Seniors 50 8th"]
[Site "Auckland"]
[Date "2017.10.15"]
[Round "9"]
[White "Yee, Stanley"]
[Black "Lim, Benjamin U"]
[Result "1-0"]
[WhiteElo "1904"]
[BlackElo "1952"]
[PlyCount "59"]
[EventDate "2017.10.09"]
[EventType "swiss"]
[EventRounds "9"]
[EventCountry "NZL"]
[SourceTitle "CBM 181 Extra"]
[Source "ChessBase"]
[SourceDate "2017.12.12"]
[SourceVersion "1"]
[SourceVersionDate "2017.12.12"]
[SourceQuality "1"]

1. d4 Nf6 2. g3 g6 3. Bg2 Bg7 4. c4 0-0 5. Nf3 d6 6. 0-0 Nbd7 7. Nc3 Re8 8. e4 e5 9. d5 Nc5 10. Re1 a5 11. b3 h6 12. h3 Kh7 13. Rb1 Nh5 14. Be3 b6 15. Qd2 Bd7 16. a3 a4 17. b4 Nb3 18. Qd1 Qf6 19. Nd2 Nf4 20. Nxb3 axb3 21. gxf4 exf4 22. Bd2 Rxa3 23. Qf3 Ra2 24. Nxa2 bxa2 25. Ra1 Qb2 26. Qxf4 Qxa1 27. Rxa1 Bxa1 28. Qxf7+ Bg7 29. Bc3 Rg8 30. Qxd7 1-0

[Event "NZL-ch op 124th"]
[Site "Wellington"]
[Date "2017.01.05"]
[Round "5"]
[White "Gong, Daniel Hanwen"]
[Black "Yee, Stanley"]
[Result "1-0"]
[WhiteElo "2090"]
[BlackElo "1931"]
[PlyCount "85"]
[EventDate "2017.01.01"]
[EventType "swiss"]
[EventRounds "9"]
[EventCountry "NZL"]
[SourceTitle "CBM 176 Extra"]
[Source "ChessBase"]
[SourceDate "2017.03.02"]
[SourceVersion "1"]
[SourceVersionDate "2017.03.02"]
[SourceQuality "1"]

1. e4 c5 2. Nf3 d6 3. d4 cxd4 4. Nxd4 Nf6 5. Nc3 a6 6. g3 g6 7. Bg2 Bg7 8. 0-0 Bg4 9. f3 Bd7 10. Be3 0-0 11. a4 Nc6 12. Nd5 Nxd5 13. exd5 Na5 14. b3 e5 15. dxe6 fxe6 16. Qd2 Nc6 17. Rad1 d5 18. f4 Qf6 19. c3 Rac8 20. Rfe1 Rfd8 21. Re2 Ne7 22. Rde1 Re8 23. Bf2 Qf7 24. Bh3 Nf5 25. Nxf5 gxf5 26. Bd4 Rc6 27. Bg2 Rc7 28. Be5 Bxe5 29. Rxe5 Rec8 30. Rxd5 Bc6 31. Rd8+ Rxd8 32. Qxd8+ Be8 33. Rxe6 Qxe6 34. Bd5 Re7 35. Qxe7 Qxd5 36. Qxe8+ Kg7 37. Qe5+ Qxe5 38. fxe5 Kf7 39. Kf2 Ke6 40. Ke3 Kxe5 41. a5 h6 42. h3 h5 43. h4 1-0

[Event "NZL-ch Seniors"]
[Site "Mount Maunganui"]
[Date "2016.04.23"]
[Round "2"]
[White "Dive, Russell John"]
[Black "Yee, Stanley"]
[Result "1-0"]
[WhiteElo "2320"]
[BlackElo "1937"]
[PlyCount "85"]
[EventDate "2016.04.23"]
[EventType "swiss"]
[EventRounds "6"]
[EventCountry "NZL"]
[SourceTitle "EXT 2018"]
[Source "ChessBase"]
[SourceDate "2017.10.13"]
[SourceVersion "1"]
[SourceVersionDate "2017.10.13"]
[SourceQuality "1"]

1. Nf3 d5 2. c4 c6 3. b3 Bf5 4. Bb2 e6 5. g3 Nf6 6. Bg2 Be7 7. 0-0 0-0 8. d3 Nbd7 9. Nbd2 h6 10. Re1 Bh7 11. a3 a5 12. Qc2 Qb6 13. Bc3 Ng4 14. e3 Bf6 15. Bxf6 Ngxf6 16. Qc3 Rfc8 17. b4 axb4 18. axb4 Qd8 19. Bf1 Rxa1 20. Rxa1 Ra8 21. c5 Qb8 22. d4 Ra7 23. b5 cxb5 24. Bxb5 Qa8 25. Rxa7 Qxa7 26. Nb3 Be4 27. Nfd2 Qb8 28. f3 Bg6 29. Kg2 Qc8 30. Qb4 e5 31. Bxd7 Nxd7 32. Na5 exd4 33. exd4 Bd3 34. Qxb7 Qe8 35. Nab3 Qe2+ 36. Kh3 Qe6+ 37. g4 h5 38. c6 hxg4+ 39. Kg3 Qe1+ 40. Kf4 g5+ 41. Kxg5 Qe3+ 42. Kh4 Qf2+ 43. Kxg4 1-0

[Event "NZL-ch op 123rd"]
[Site "Auckland"]
[Date "2016.01.09"]
[Round "8"]
[White "Yee, Stanley"]
[Black "Jackson, L Ross"]
[Result "1/2-1/2"]
[WhiteElo "1975"]
[BlackElo "1884"]
[PlyCount "56"]
[EventDate "2016.01.02"]
[EventType "swiss"]
[EventRounds "9"]
[EventCountry "NZL"]
[SourceTitle "CBM 170 Extra"]
[Source "ChessBase"]
[SourceDate "2016.02.25"]
[SourceVersion "1"]
[SourceVersionDate "2016.02.25"]
[SourceQuality "1"]

1. d4 d5 2. Nf3 Nf6 3. Bg5 e6 4. e3 Nbd7 5. Bd3 c5 6. c3 Qb6 7. Qc2 c4 8. Be2 Ne4 9. Bf4 Be7 10. Nbd2 Nxd2 11. Qxd2 0-0 12. g4 Bd6 13. Bg3 Qc7 14. 0-0-0 b5 15. Ng5 h6 16. Nh3 Nf6 17. Bxd6 Qxd6 18. f3 a5 19. g5 hxg5 20. Nxg5 b4 21. Rdg1 bxc3 22. Qxc3 Bd7 23. Bd1 Ne8 24. Qc2 f5 25. Qg2 Rf6 26. h4 e5 27. Qd2 Rb8 28. Bc2 Qb6 1/2-1/2

[Event "NZL-ch op 123rd"]
[Site "Auckland"]
[Date "2016.01.07"]
[Round "6"]
[White "Yee, Stanley"]
[Black "Stark, John"]
[Result "0-1"]
[WhiteElo "1975"]
[BlackElo "2207"]
[PlyCount "82"]
[EventDate "2016.01.02"]
[EventType "swiss"]
[EventRounds "9"]
[EventCountry "NZL"]
[SourceTitle "CBM 170 Extra"]
[Source "ChessBase"]
[SourceDate "2016.02.25"]
[SourceVersion "1"]
[SourceVersionDate "2016.02.25"]
[SourceQuality "1"]

1. d4 Nf6 2. Nf3 e6 3. Bg5 b6 4. e3 Bb7 5. Nbd2 Be7 6. Bd3 d6 7. e4 Nbd7 8. Qe2 h6 9. Bf4 g5 10. Be3 Ng4 11. 0-0-0 Bf6 12. Nc4 Qe7 13. Bd2 d5 14. Na3 Nxf2 15. Qxf2 dxe4 16. Be2 exf3 17. Bxf3 0-0-0 18. Bxb7+ Kxb7 19. Nb5 a6 20. Nc3 Bg7 21. g4 Ka7 22. Rhf1 Nf6 23. h3 Rhf8 24. Kb1 Rd7 25. Bc1 Rfd8 26. Rd3 Qd6 27. Rf3 Nd5 28. Ne4 Qc6 29. c3 f5 30. gxf5 exf5 31. Ng3 f4 32. Ne2 Re8 33. Bd2 Qe6 34. Nc1 Qg6+ 35. Ka1 Rde7 36. a3 h5 37. Qg1 Qf5 38. Ka2 g4 39. hxg4 hxg4 40. R3f2 f3 41. Qg3 Nf6 0-1